TV Characters to Show - Click Quiz (1980s U.S. Sitcoms) - Statistics

General Stats
  • This quiz has been taken 85 times
    73 since last reset
  • The average score is 31 of 43
Answer Stats
Hint Answer % Correct
Theodore Huxtable
92%
Rudy Huxtable
90%
Sam Malone
90%
Norm Peterson
90%
Cliff Huxtable
88%
Blanche Devereaux
88%
Judge Harry Stone
85%
Clair Huxtable
85%
Natalie Green
83%
Rose Nylund
81%
Diane Chambers
81%
Alex P. Keaton
81%
Larry, Darryl and Darryl
79%
Arnold Jackson
79%
Willis Jackson
79%
Woody Boyd
79%
Dr. Jason Seaver
77%
Maggie Seaver
77%
Mike Seaver
77%
Bull Shannon
75%
Carla Tortelli
75%
Cliff Clavin
75%
Mallory Keaton
75%
Dorothy Zbornak
73%
Tony Micelli
73%
Louie De Palma
73%
Blair Warner
69%
Mac Robinson
69%
Sophia Petrillo
69%
Angela Bower
69%
"Coach" Ernie Pantusso
69%
Latka Gravas
67%
Dorothy "Tootie" Ramsey
65%
Dick Loudon
65%
Phillip Drummond
65%
Mona Robinson
56%
Christine Sullivan
54%
Irwin "Skippy" Handelman
54%
Tony Banta
52%
Miles Silverberg
50%
Richard "Boner" Stabone
48%
Corky Sherwood
44%
Frank Fontana
40%
No matching quizzes found
Score Distribution
Percent of People with Each Score
Percentile by Number Answered
Your Score History
You have not taken this quiz since the last reset